[Event "XLII San Sebastian Open 2019"]
[Site "San Sebastian"]
[Date "2019.04.13"]
[Round "1.10"]
[White "Prieto Aranguren, Alain"]
[Black "Umaran Del Campo, Enrique"]
[Result "1-0"]
[WhiteElo "2257"]
[BlackElo "1778"]
[Annotator "TA"]
[PlyCount "59"]
[EventDate "2019.04.13"]
[EventType "swiss"]
[EventCountry "ESP"]
[SourceTitle "playchess.com"]
[Source "ChessBase"]
[SourceQuality "1"]

{[%evp 21,58,34,28,0,13,16,11,14,65,12,62,41,82,47,83,62,106,114,129,120,170,159,169,165,167,148,197,206,668,645,615,590,906,900,855,856,2923,2721,29999]} 1. d4 d5 2. c4 c6 3. Nf3 Nf6 4. Nc3 dxc4 5. a4 Bf5 6. e3 e6 7. Bxc4 Bb4 8. O-O O-O 9. Qe2 Bg4 10. Rd1 Nbd7 11. e4 Qa5 12. e5 {D19: Slav Defence: 5 a4 Bf5 6 e3: Main line with 9 Qe2} (12. h3 Bh5 13. e5 Nd5 14. Nxd5 cxd5 15. Bd3 Qd8 16. g4 Bg6 17. Bxg6 fxg6 18. a5 Nb8 19. Kg2 a6 {½-½ (40) Aronian,L (2802)-Vallejo Pons,F (2705) Porto Carras 2011}) 12... Nd5 13. Nxd5 cxd5 14. Bd3 {With the idea Bxh7+!The position is equal.} g6 (14... Qd8 $11) 15. Bg5 $146 ({Better is} 15. h3 $14 Bxf3 16. Qxf3) ({Predecessor:} 15. h3 Bxf3 16. Qxf3 Rfc8 17. h4 Bf8 18. h5 Bg7 19. Qg4 Rc6 {1-0 (35) Urosevic,G (2228)-Setti,R (1939) Cento 2011}) 15... a6 16. Qe3 Rfc8 17. Qf4 Bxf3 18. Qxf3 ({Don't play} 18. gxf3 Qb6 $11) 18... Rc6 {[#]} 19. h4 $1 Rac8 20. h5 Qc7 21. g3 Nf8 22. Qf6 $40 {[%mdl 128] White threatens Bh6 and mate. White wants a kill.} Nd7 23. Qf4 f6 24. hxg6 Rf8 $2 (24... hxg6 25. Bxg6 Nf8) 25. gxh7+ Kh8 26. Bh6 fxe5 27. Qg5 {[%csl Gg5][%cal Rh6g7] [#]} Nf6 28. Bxf8 Nxh7 29. Bxh7 {[%csl Gh7][%cal Rg5g8]} Bxf8 30. Qg8# {Accuracy: White = 75%, Black = 16%.} 1-0

[Event "XLII San Sebastian Open 2019"]
[Site "San Sebastian"]
[Date "2019.04.13"]
[Round "1.11"]
[White "Wastiaux, Roland"]
[Black "Randazzo, Adrian"]
[Result "0-1"]
[WhiteElo "1733"]
[BlackElo "2248"]
[Annotator "TA"]
[PlyCount "52"]
[EventDate "2019.04.13"]
[EventType "swiss"]
[EventCountry "ESP"]
[SourceTitle "playchess.com"]
[Source "ChessBase"]
[SourceQuality "1"]

{[%evp 9,52,0,33,0,8,-88,-53,-114,-108,-120,-123,-165,-95,-92,-85,-102,0,0,0,0,0,0,30,32,28,3,12,0,0,-42,-32,-41,-41,-117,-106,-102,-102,-80,-85,-1406,-155,-1388,-1373,-29992,-3079]} 1. d4 Nf6 2. Bf4 d5 3. e3 c5 4. c3 Nc6 5. Nf3 Qb6 6. Na3 {aiming for Nb5. D02: 1 d4 d5 2 Nf3 sidelines, including 2...Nf6 3 g3 and 2...Nf6 3 Bf4} (6. Qb3 c4 7. Qc2 Bf5 8. Qc1 e6 9. Nbd2 Qd8 10. h3 h6 11. Be2 Be7 12. O-O O-O 13. Bd1 b5 14. Bc2 Bxc2 15. Qxc2 Bd6 16. Bxd6 Qxd6 17. e4 dxe4 18. Nxe4 Nxe4 19. Qxe4 Qd5 20. Qxd5 exd5 {1-0 (51) Nisipeanu,L (2674)-Parligras,M (2645) Bucharest 2018}) 6... c4 7. b4 (7. b3 $11 {keeps the balance.}) 7... Bf5 8. Qa4 $146 (8. Nd2 $15) ({Predecessor:} 8. Ne5 e6 9. Be2 Bxb4 10. Qc1 Be7 11. O-O O-O 12. g4 Nxe5 13. gxf5 Ned7 14. fxe6 fxe6 {0-1 (41) Murtazin,B (2001)-Chekletsov,I (1834) Albena 2011}) 8... Ne4 9. Rc1 {next Nxc4 is good for White.} e6 {And now ...Nxc3! would win.} 10. Ne5 Nxc3 (10... g5 $1 $19 {[%cal Rg5f4]} 11. Bg3 f6 12. Naxc4 dxc4 13. Nxc4 Qd8) 11. Rxc3 $17 Bxb4 12. Nb5 O-O (12... Bxc3+ $17 13. Nxc3 Qb2) 13. Nxc6 $11 Bxc3+ 14. Nxc3 {Black must now prevent Ne7+.} bxc6 15. Qa3 f6 16. Bd6 Rf7 17. Be2 Rb7 18. O-O Qb2 19. Bf3 Bd3 20. Re1 Rd8 21. Na4 {[#]} ({Better is} 21. Bc5 $15) 21... Qd2 $1 $17 {[%cal Rd2e1]} 22. Rd1 Rb1 23. Rxb1 Bxb1 $40 {[%cal Rd2e1][%mdl 128] White is in trouble.} 24. g3 $2 {[%mdl 8192]} (24. h4 $17) 24... Qe1+ $19 25. Kg2 Bd3 {[%csl Gd3][%cal Re1f1]} 26. Kh3 Qxf2 {Accuracy: White = 31%, Black = 81%.} (26... Bf1+ $142 27. Kg4 Qxf2 28. h4 Be2 29. e4 Bxf3+ 30. Qxf3 {[#]} h5+ $1 {[%mdl 512]} 31. Kh3 Qxf3 32. Kh2 Qe2+ 33. Kg1 Rxd6 34. e5 fxe5 35. Nc3 Qe1+ 36. Kg2 Qxc3 37. a3 Qd2+ 38. Kh3 Rd8 39. a4 Rb8 40. a5 Rb2 41. dxe5 Qh2#) 0-1

[Event "XLII San Sebastian Open 2019"]
[Site "San Sebastian"]
[Date "2019.04.13"]
[Round "1.12"]
[White "Perez Gonzalez, Jose Manuel"]
[Black "Arrondo Carbonell, Agustin"]
[Result "1-0"]
[WhiteElo "2231"]
[BlackElo "1725"]
[Annotator "TA"]
[PlyCount "63"]
[EventDate "2019.04.13"]
[EventType "swiss"]
[EventCountry "ESP"]
[SourceTitle "playchess.com"]
[Source "ChessBase"]
[SourceQuality "1"]

{[%evp 25,63,47,60,22,68,64,181,181,168,177,175,174,221,218,241,167,253,246,327,327,314,341,327,173,161,150,137,146,342,352,354,351,415,414,488,485,732,670,702,671]} 1. e4 c5 2. Nf3 Nc6 3. d4 cxd4 4. Nxd4 Nf6 5. Nc3 e5 6. Ndb5 d6 7. Bg5 a6 8. Na3 b5 9. Bxf6 gxf6 10. Nd5 Bg7 11. Bd3 Ne7 12. Nxe7 Qxe7 13. O-O O-O 14. Qf3 {[#] B33: Sicilian: Pelikan and Sveshnikov Variations} Qd7 $146 ({Predecessor:} 14... Re8 15. Rfe1 Qd7 16. c4 Bb7 17. cxb5 f5 18. Qxf5 Qxf5 19. exf5 e4 20. bxa6 Bc6 21. Bb5 Rec8 {1-0 (33) Tukhaev,A (2599)-Nithander,V (2520) Sweden 2012}) 15. c4 {[%cal Rc4b5]} f5 (15... b4 $14 16. Nc2 Qg4) 16. exf5 $18 {White is clearly better.} ({Weaker is} 16. cxb5 d5 $15) 16... Bb7 {[#]} 17. Be4 $1 {[%cal Re4b7]} Bxe4 18. Qxe4 bxc4 19. Rfd1 Rfd8 {and if ...d5 works, Black does fine.} 20. Rd5 Rab8 (20... c3 $142) 21. Nxc4 Qa4 22. b3 Qc6 23. Rad1 Rb5 24. f6 (24. Qh4 $142 Rxd5 25. Qxd8+ {[%mdl 64] Double Attack} Bf8 26. Re1) 24... Rxd5 25. Qxd5 Qxd5 26. Rxd5 {[%mdl 4096] Endgame KRB-KRN} Bf8 $2 (26... Bxf6 $16 {keeps fighting.} 27. Rxd6 Rxd6 28. Nxd6 Be7) 27. Kf1 Re8 28. Nxd6 Rd8 {[#]} 29. Nf5 $1 Re8 30. Ne7+ {White is clearly winning.} Bxe7 (30... Kh8 $142 31. Rxe5 Rd8) 31. Rxe5 {[%mdl 64] Pin} ({Less strong is} 31. fxe7 Rxe7 32. Rd6 Ra7 $18) 31... Kf8 32. fxe7+ {Accuracy: White = 75%, Black = 20%.} 1-0

[Event "XLII San Sebastian Open 2019"]
[Site "San Sebastian"]
[Date "2019.04.14"]
[Round "2.1"]
[White "Vazquez Igarza, Renier"]
[Black "Gastanares Lopez, Javier"]
[Result "1-0"]
[WhiteElo "2548"]
[BlackElo "2025"]
[Annotator "TA"]
[PlyCount "67"]
[EventDate "2019.04.13"]
[EventType "swiss"]
[EventCountry "ESP"]
[SourceTitle "playchess.com"]
[Source "ChessBase"]
[SourceQuality "1"]

{[%evp 24,67,31,31,39,36,40,6,28,18,54,53,65,73,256,253,564,562,501,126,202,201,225,228,226,197,262,270,231,231,215,214,384,384,344,362,337,346,262,250,810,554,691,466,403,315]} 1. Nf3 Nf6 2. c4 c5 3. g3 b6 4. Bg2 Bb7 5. Nc3 g6 6. d4 cxd4 7. Qxd4 Bg7 8. O-O d6 9. Rd1 Nbd7 10. Be3 Rc8 11. Rac1 O-O 12. Qh4 Re8 {A30: Symmetrical English: Double Fianchetto and Hedgehog} (12... a6 13. b3 Rc7 14. g4 Qa8 15. g5 Ne8 16. Nd5 Bxd5 17. Rxd5 b5 18. Rdd1 bxc4 19. Rxc4 d5 20. Rxc7 Nxc7 {½-½ (65) Erdos,V (2617)-Almasi,Z (2650) Ajka 2018}) 13. b3 {LiveBook: 60 Games} Nc5 14. Bh3 Rb8 {White is slightly better.} 15. Nd5 $146 ({Predecessor:} 15. Bh6 Nfe4 16. Bxg7 Kxg7 17. Ng5 Nxg5 18. Qxg5 a5 19. Qe3 h5 20. Rd4 {1-0 (60) Glushenkov,S (2224)-Daroczy,S (2053) ICCF email 2012}) 15... Nce4 16. Ng5 Nxg5 17. Bxg5 Nxd5 18. cxd5 f5 $2 (18... a6 $16 {might work better.}) 19. e4 $18 Qd7 $2 (19... Bc8 20. Rc6 Rb7) 20. exf5 gxf5 {[#]} 21. Qa4 $2 (21. Rc7 $3 $18 {[%mdl 512]} Qxc7 22. Bxf5) 21... b5 (21... Qxa4 $16 22. bxa4 h6) 22. Qxa7 e6 23. Bg2 e5 24. Qb6 {And now Rc7 would win.} Rec8 (24... f4 $142 25. gxf4 Rbc8) 25. Bf1 f4 26. Rxc8+ ({Much less strong is} 26. Qxb5 $6 Qxb5 27. Bxb5 Rxc1) 26... Rxc8 27. Qxb5 ({Worse is} 27. Bxb5 Qg4 $11) 27... Qg4 $2 {[#]} (27... Qxb5 28. Bxb5 Kf7) 28. Qxb7 Rf8 29. Be7 Qxd1 30. Bxf8 Bxf8 31. Qd7 f3 $2 (31... Qf3 32. Qe6+ Kg7 33. Qd7+ Kg8 34. gxf4 e4 35. Qe6+ Kh8 36. Qf6+ Kg8) 32. Qg4+ Kf7 33. Qf5+ Kg7 34. Qd3 {Precision: White = 61%, Black = 27%.} 1-0

[Event "XLII San Sebastian Open 2019"]
[Site "San Sebastian"]
[Date "2019.04.14"]
[Round "2.2"]
[White "De La Esperanza Martin, Alberto"]
[Black "Pulvett Marin, Daniel Eduardo"]
[Result "0-1"]
[WhiteElo "2069"]
[BlackElo "2468"]
[Annotator "TA"]
[PlyCount "48"]
[EventDate "2019.04.13"]
[EventType "swiss"]
[EventCountry "ESP"]
[SourceTitle "playchess.com"]
[Source "ChessBase"]
[SourceQuality "1"]

{[%evp 18,48,-21,-29,-35,-51,-58,-48,-30,-29,-32,-41,-12,-23,-10,-62,-73,-76,-59,-89,-47,-51,-55,-102,-104,-204,-200,-277,-272,-897,-826,-1285,-1260]} 1. e4 e6 2. d4 d5 3. Nd2 Nc6 4. Ngf3 Nf6 5. e5 Nd7 6. c3 f6 7. exf6 Qxf6 8. Bb5 Bd6 9. O-O O-O 10. Re1 {LiveBook: 4 Games. C04: French Tarrasch: 3...Nc6} (10. Nb3 e5 11. c4 Nxd4 12. Nbxd4 exd4 13. cxd5 Ne5 14. Nxd4 Ng4 15. Nf3 Bc5 16. d6 cxd6 17. Qb3+ Kh8 18. Be3 {0-1 (47) Starostits,I (2415)-Lugovskoy,M (2431) Panevezys 2015}) 10... e5 $1 11. dxe5 Ndxe5 12. Bxc6 {Black is slightly better.} bxc6 {[%cal Bb7c6,Bc6c5][%mdl 32]} 13. Nxe5 $1 Bxe5 ({Avoid the trap} 13... Qxf2+ $2 14. Kh1 $18) 14. Nf3 {[#] Bg5 is the strong threat.} Bd6 {Strongly threatening ...Bg4.} 15. Qd4 Qf5 $146 ({Predecessor:} 15... Qg6 16. Ne5 Qh5 17. Bf4 Be6 {1-0 (39) Pedersen,J-Vestly,J Stavanger 1991}) 16. Be3 (16. c4 $11) 16... c5 $36 {[%mdl 2048] White is under strong pressure.} 17. Qh4 Rb8 18. b3 Bb7 19. Qg5 Qc2 20. Rac1 Qxa2 21. Nh4 {[#]} (21. Qg4 $17 {was worth a try.}) 21... Rf6 $1 $19 ({Not} 21... Qxb3 22. Nf5 $11) 22. g3 {intending Nf5.} Rbf8 ({Much less strong is} 22... Qxb3 23. Nf5 $17) 23. b4 $2 (23. f4) 23... d4 {[%cal Rf6f2]} 24. cxd4 Rxf2 {Precision: White = 21%, Black = 71%.} 0-1

[Event "XLII San Sebastian Open 2019"]
[Site "San Sebastian"]
[Date "2019.04.14"]
[Round "2.3"]
[White "Del Rio De Angelis, Salvador G."]
[Black "Torres Ganuza, Francisco Javier"]
[Result "1-0"]
[WhiteElo "2457"]
[BlackElo "2018"]
[Annotator "TA"]
[PlyCount "85"]
[EventDate "2019.04.13"]
[EventType "swiss"]
[EventCountry "ESP"]
[SourceTitle "playchess.com"]
[Source "ChessBase"]
[SourceQuality "1"]

{[%evp 23,85,37,36,52,81,85,81,5,6,1,12,10,26,8,27,0,0,-15,0,-10,0,0,10,0,39,0,0,0,0,0,0,0,0,-54,-43,-37,-25,-55,156,159,234,222,201,85,275,88,88,88,88,88,88,88,88,88,185,107,211,233,842,836,918,873,800,730]} 1. d4 Nf6 2. c4 g6 3. Nc3 d5 4. cxd5 Nxd5 5. e4 Nxc3 6. bxc3 Bg7 7. Bc4 O-O 8. Ne2 c5 9. Be3 Nc6 10. O-O Qc7 11. Rc1 Rd8 12. Bf4 e5 13. Bg5 {D87: Exchange Grünfeld: Classical Line: Variations without ...cxd4} Re8 {[%cal Re5d4]} (13... Rd6 14. Bd5 cxd4 15. cxd4 Be6 16. Bb3 exd4 17. Bf4 Re8 18. Bxe6 Rexe6 19. Bxd6 Qxd6 20. Qd3 Qe7 {½-½ (33) Caruana,F (2662)-Svidler,P (2741) Novi Sad 2009}) 14. d5 Na5 15. Bd3 ({Better is} 15. d6 $16 Qd7 16. Bd5) 15... c4 $11 16. Bc2 b5 $146 ({Predecessor:} 16... Bd7 17. Qd2 b6 18. Be3 Nb7 19. f4 exf4 20. Bxf4 Be5 {1-0 (29) Marin,M (2530)-Erdeus,G (2325) Romania 1994}) 17. h4 Nb7 18. h5 Nd6 19. hxg6 hxg6 20. Ng3 Bd7 21. Qd2 Kh7 22. Be3 Rh8 23. f4 {White wants to play fxe5.} Kg8 24. f5 Qd8 25. Rf3 Qh4 26. Kf2 Qg4 27. Rf1 Bf6 (27... gxf5 28. exf5 f6 29. Bc5 $11) 28. fxg6 ({White should try} 28. Bc5 $11 Nb7 29. Ba3) 28... Bh4 $1 $15 {aiming for ...f5.} 29. gxf7+ Nxf7 30. Rh1 Nd6 $2 (30... Rf8 $15 {keeps the upper hand.} 31. Qe1 Bxg3+ 32. Rxg3 Rxh1 33. Qxh1 (33. Rxg4+ $2 Ng5+ 34. Kg3 Rxe1 $19) 33... Ng5+ 34. Rf3 Nxf3 35. gxf3 Rf6) 31. Rxh4 $1 $16 Rxh4 (31... Qxh4 $16 32. Bg5 Qh7) 32. Bc5 $18 Nf7 {White should prevent ...Ng5.} 33. Nf5 (33. Be7 $1 $18 {and the rest is easy.}) 33... Kh7 $2 {[#]} (33... Bxf5 $16 34. Rg3 Rh1) 34. Nxh4 $2 (34. Be7 $1 $18 {is the precise move to win.} Bxf5 35. Rxf5) 34... Qxh4+ $16 35. Kg1 Ng5 36. Re3 Rg8 {[#] White must now prevent ...Nh3+.} 37. Qf2 $1 $36 {[%cal Rf2h4][%mdl 2048] Black is under strong pressure.} (37. Bxa7 $2 Nh3+ 38. Kf1 (38. Rxh3 $2 Bxh3 39. Qf2 Rxg2+ {[%mdl 64] Overworked Piece} 40. Qxg2 Qe1+ {[%mdl 64] Double Attack} 41. Kh2 Bxg2 $19) 38... Nf4 $19) 37... Qh5 {And now ...Nh3+ would win.} 38. Rg3 (38. Bxa7 $2 Nh3+ 39. Rxh3 Bxh3 $19) 38... Rg7 (38... Rg6 $16 39. Bxa7 (39. Qf8 Nh3+ 40. Rxh3 Bxh3 $11) 39... Qh4) 39. Be3 (39. Bd6 $18 Nf7 40. Rxg7+ Kxg7 41. Be7 (41. Qxa7 Nxd6 42. Qxd7+ Nf7 $16)) 39... Bg4 (39... a6 $16 {might work better.} 40. Bc1 Rg6) 40. Qf6 {Bxg5 is the strong threat.} ({Avoid the trap} 40. Bxa7 $2 Rf7 $19) 40... Nf7 $2 (40... Rg6 41. Qf8 Rg8) 41. Bd1 $18 {White is clearly winning.} Kg8 42. Rxg4 Rxg4 43. Qf3 {Accuracy: White = 42%, Black = 35%.} 1-0

[Event "XLII San Sebastian Open 2019"]
[Site "San Sebastian"]
[Date "2019.04.14"]
[Round "2.4"]
[White "Ladron De Guevara Galar, Fco J."]
[Black "Cifuentes Parada, Roberto"]
[Result "0-1"]
[WhiteElo "2035"]
[BlackElo "2445"]
[Annotator "TA"]
[PlyCount "61"]
[EventDate "2019.04.13"]
[EventType "swiss"]
[EventCountry "ESP"]
[SourceTitle "playchess.com"]
[Source "ChessBase"]
[SourceQuality "1"]

{[%evp 21,61,32,29,9,7,17,24,25,47,42,43,26,28,19,10,-19,0,-76,-68,-118,-28,-22,-29,-34,-10,-6,-10,-75,-88,-150,-150,-149,-126,-133,-133,-382,-378,-364,-275,-418,-413,-485]} 1. d4 d6 2. Nf3 Nf6 3. c4 g6 4. Nc3 Bg7 5. e4 O-O 6. Be2 Bg4 7. Be3 Nfd7 8. Ng1 Bxe2 9. Ngxe2 a6 10. O-O c5 11. Qd2 {E91: King's Indian: Classical: 6 Be2, unusual replies including 6...c5 and 6...Bg4} cxd4 {LiveBook: 4 Games} 12. Bxd4 $146 ({Predecessor:} 12. Nxd4 Ne5 13. Qe2 Nbc6 14. Rfd1 Rc8 15. c5 Nxd4 16. Bxd4 Rc6 17. f4 {½-½ (17) Kiss,P (2356)-Markos,J (2581) Hungary 2012}) 12... Ne5 13. b3 {The position is equal.} Nbc6 14. Be3 Ng4 15. Bg5 b5 16. cxb5 axb5 17. Rac1 {Strongly threatening Nd5.} Qa5 18. Qd5 Nge5 (18... Nb4 {seems wilder.} 19. Qd1 Nf6 20. Nd4 Rfc8 21. f3 Nc6) 19. a4 ({Avoid the trap} 19. Nxb5 $2 e6 $19) (19. Qd2 $11) 19... bxa4 (19... h6 {feels hotter.} 20. Be3 bxa4 21. Nxa4 Qxd5 22. exd5 Nb4) 20. Qxa5 Nxa5 ({Black should play} 20... Rxa5 $17 21. Nxa4 Nf3+ $1 {[%mdl 512]} 22. gxf3 Rxg5+ 23. Kh1 Na5) 21. bxa4 $11 f6 22. Be3 Nec4 23. Nd5 Kf7 24. Nef4 (24. Rb1 $11 {remains equal.}) 24... Rfc8 $17 25. Nb6 (25. Nd3 $142) 25... Nxb6 26. Bxb6 {[#] Hoping for Rxc8.} Nc4 $1 $36 {[%cal Rc4b6][%mdl 2048] Black has strong initiative.} 27. a5 Bh6 28. Rxc4 $2 (28. g3 $17 {was called for.}) 28... Rxc4 $19 29. Nd5 Ra4 ({Don't play} 29... Rxe4 30. g3 $19) 30. Rb1 (30. Nc3 {is a better defense.} Rc4 31. Nd5) 30... Bd2 31. Nc7 {Precision: White = 34%, Black = 81%.} 0-1

[Event "XLII San Sebastian Open 2019"]
[Site "San Sebastian"]
[Date "2019.04.14"]
[Round "2.5"]
[White "Harutjunyan, Gevorg"]
[Black "Unciti Juan, Javier"]
[Result "1-0"]
[WhiteElo "2440"]
[BlackElo "2000"]
[Annotator "TA"]
[PlyCount "49"]
[EventDate "2019.04.13"]
[EventType "swiss"]
[EventCountry "ESP"]
[SourceTitle "playchess.com"]
[Source "ChessBase"]
[SourceQuality "1"]

{[%evp 13,49,18,24,29,54,25,40,28,47,46,43,43,53,43,94,93,131,122,143,121,115,68,125,125,125,125,116,117,345,339,461,450,864,851,1056,1031,1385,1343]} 1. Nf3 Nf6 2. g3 g6 3. b3 Bg7 4. Bb2 O-O 5. Bg2 d6 6. d4 c6 7. c4 Qa5+ 8. Nc3 {E60: King's Indian: Unusual lines and Fianchetto Variation without Nc3} (8. Qd2 Qxd2+ 9. Nfxd2 d5 10. Nc3 Rd8 11. e3 Na6 12. O-O Be6 13. Rfd1 Rac8 14. a3 b6 15. Rac1 Nb8 {1-0 (34) Giri,A (2776)-Nataf,I (2534) Montpellier 2015}) 8... Ne4 $146 ({Predecessor:} 8... Bg4 9. h3 Bxf3 10. Bxf3 e5 11. dxe5 dxe5 12. O-O Re8 13. Qc2 Nbd7 14. a3 Qc7 15. Rad1 Nf8 {½-½ (30) Zor,A (2167)-Sevgi,V (2296) Kemer 2018}) 9. Rc1 Nd7 10. O-O {White is slightly better.} Ndf6 11. Ne1 Nxc3 12. Bxc3 Qh5 13. Nd3 $36 {[%mdl 2048] White is more active.} g5 (13... Bh6 $14) 14. e4 $16 Qg6 15. Qe2 Nh5 16. f4 gxf4 17. gxf4 Bh3 (17... Bg4 $14 18. Qe3 a5) 18. Rf2 {f5 is the strong threat.} Bg4 19. Qe3 Bf6 20. Kh1 {Threatens to win with Bf3.} Bh4 $2 {[#]} (20... Kh8 $16 {was necessary.}) 21. Rg1 $1 $18 f5 22. exf5 {White is clearly winning.} Qxf5 (22... Bxf5 $142 23. Bf3 Bxd3) 23. Be4 Bxf2 24. Nxf2 Qxf4 25. Rxg4+ {Accuracy: White = 82%, Black = 12%.} 1-0

[Event "XLII San Sebastian Open 2019"]
[Site "San Sebastian"]
[Date "2019.04.14"]
[Round "2.6"]
[White "Sanchez Arevalo, Luis"]
[Black "Alshameary Puente, Ismael"]
[Result "0-1"]
[WhiteElo "2020"]
[BlackElo "2425"]
[Annotator "TA"]
[PlyCount "96"]
[EventDate "2019.04.13"]
[EventType "swiss"]
[EventCountry "ESP"]
[SourceTitle "playchess.com"]
[Source "ChessBase"]
[SourceQuality "1"]

{[%evp 24,95,22,0,10,7,0,9,49,55,41,41,74,0,0,0,0,-15,-4,-6,0,0,0,0,0,0,0,0,0,-25,36,16,22,0,0,0,0,-183,-169,-164,-168,-169,-167,-159,-138,-189,-189,-332,-321,-544,-194,-204,-218,-185,-188,-203,-196,-186,-108,-271,-285,-29977,-29976,-29994,-29995,-29995,-29996,-29996,-29997,-29997,-29998,-29998,-29999,-29999]} 1. d4 Nf6 2. Nf3 c5 3. c3 g6 4. Bf4 Bg7 5. e3 O-O 6. Be2 b6 7. O-O Bb7 8. Nbd2 d6 9. h3 Nbd7 10. a4 a6 11. Bh2 Ra7 12. Qb1 {A48: 1 d4 Nf6 2 Nf3 g6: Torre, London and Colle Systems} Qa8 13. Bd3 {LiveBook: 10 Games} e5 {And now ...e4 would win.} (13... cxd4 14. cxd4 Nd5 15. Rc1 Nb4 16. Bf1 Nf6 17. Ra3 Bd5 18. Bc4 Bc6 19. Bf1 Bd5 {1-0 (56) Ivanchuk,V (2713)-Wagner,D (2566) Batumi 2018}) 14. e4 {The position is equal.} cxd4 15. cxd4 exd4 16. Bxd6 Re8 {[%cal Rf6e4]} 17. Re1 (17. Nxd4 Nxe4 18. Bxe4 Rxe4 $15) 17... Nc5 {[%cal Rf6e4]} 18. Bxc5 $146 ({But not} 18. Nxd4 $2 Nfxe4 19. Nxe4 Nxe4 $19) ({White should play} 18. e5 $16 Nd5 19. a5 (19. Nxd4 Nf4 $15)) ({Predecessor:} 18. e5 Nd5 19. Bf1 Nf4 {1-0 (65) Muranyi,K (2347)-Khairallah,F (2323) Budapest 2007}) 18... bxc5 $11 19. b4 Nd7 20. b5 axb5 21. axb5 Nb6 22. Rxa7 Qxa7 23. Nc4 Nxc4 24. Bxc4 Qa4 25. Bb3 Qa5 26. Qd3 h6 (26... Qc3 $11 27. Qxc3 dxc3) 27. Qc4 $14 Qc7 28. Nd2 Re7 $36 {[%mdl 2048] White is under pressure.} 29. Rc1 Qf4 30. Nf1 $2 (30. Rc2 $11) 30... Qxe4 {[%csl Gb7][%cal Re4g2]} 31. f3 Qf4 32. Rc2 Re5 33. Qd3 Rg5 34. b6 (34. Rf2 $17 {was worth a try.}) 34... Qd6 $19 35. Qc4 (35. Rb2 $142) 35... Rf5 36. Qb5 $2 (36. Qd3) 36... Re5 $2 (36... d3 37. Ra2 Bd4+ 38. Kh1 {[#]} Rxf3 $1 {[%mdl 512]} 39. gxf3 Bxf3+ 40. Rg2 Qf6) 37. Re2 {Strongly threatening Rxe5.} Kf8 38. Rxe5 Bxe5 39. Qc4 {[%csl Gb3][%cal Rc4f7]} Qe7 40. Nd2 d3 (40... Bg3 $19 {...Bd5! is the strong threat.} 41. Ne4 Bxe4 42. fxe4 Qf6) 41. Ne4 $2 (41. Kf1 $17) 41... Bd4+ 42. Kf1 $2 {[#]} (42. Kh2 $19) 42... Bxe4 {Black mates.} 43. fxe4 Qf6+ 44. Ke1 Qf2+ 45. Kd1 Qe2+ 46. Kc1 d2+ 47. Kb1 d1=Q+ 48. Bxd1 Qb2# {Precision: White = 29%, Black = 61%.} 0-1

[Event "XLII San Sebastian Open 2019"]
[Site "San Sebastian"]
[Date "2019.04.14"]
[Round "2.7"]
[White "Suarez Garcia, Carlos"]
[Black "Vicente Ezeiza, Mikel"]
[Result "1-0"]
[WhiteElo "2424"]
[BlackElo "1967"]
[Annotator "TA"]
[PlyCount "77"]
[EventDate "2019.04.13"]
[EventType "swiss"]
[EventCountry "ESP"]
[SourceTitle "playchess.com"]
[Source "ChessBase"]
[SourceQuality "1"]

{[%evp 14,77,25,21,37,-6,39,19,17,9,18,21,19,17,29,9,9,9,9,6,9,8,10,9,14,-1,0,0,-1,0,0,-29,15,-10,0,0,0,0,0,0,38,40,21,37,75,68,88,75,81,81,113,97,127,126,154,115,97,84,194,200,213,211,207,196,516,501]} 1. Nf3 g6 2. g3 Bg7 3. Bg2 Nf6 4. b3 b6 5. Bb2 Bb7 6. c4 O-O 7. O-O d6 8. d4 Nbd7 {A15: English Opening: 1...Nf6} (8... e6 9. Qc2 Nbd7 10. Nc3 c5 11. Rad1 Qe7 12. dxc5 Nxc5 13. Nd4 Bxg2 14. Kxg2 a6 15. b4 Qb7+ 16. Nf3 {½-½ (32) Artemiev,V (2653)-Amonatov,F (2614) Almaty 2016}) 9. d5 a5 10. Nc3 $146 ({Predecessor:} 10. Nbd2 Nc5 11. Qc2 e5 12. a3 Bc8 13. e4 {1-0 (53) Vukanovic,S (2350)-Chain,E Dos Hermanas 2004}) 10... Ne4 {The position is equal.} 11. Nd4 Nxc3 12. Bxc3 Nc5 13. Qc2 Qd7 14. Rad1 e5 15. dxe6 fxe6 16. Nb5 Bxg2 17. Kxg2 Bxc3 18. Qxc3 e5 19. a3 Rf7 20. f3 Qf5 21. b4 Ne6 22. Qd3 Qg5 {[#] Threatens to win with ...Nf4+.} 23. Qd2 axb4 {Hoping for ...Qxd2.} 24. Qxg5 Nxg5 25. axb4 Ra2 26. Nc3 $36 {[%mdl 2048] White has the initiative.} Rb2 27. Rb1 Rc2 28. Rfc1 Rxc1 29. Rxc1 $14 {[%mdl 4096] Endgame KRN-KRN} Kf8 30. Ra1 Ne6 31. Ra8+ Kg7 32. e3 Ng5 33. f4 exf4 34. exf4 Ne6 35. Nd5 g5 (35... c6 $16 {was worth a try.}) 36. Re8 $18 Nd4 37. fxg5 Nf3 38. Nf4 Nxg5 $2 {[#]} (38... Ne5 {is tougher.} 39. h4 Rf5) 39. h4 {[%mdl 64] Trapped Piece. Accuracy: White = 65%, Black = 40%.} 1-0